| 000 | 00361nam a2200145Ia 4500 | ||
|---|---|---|---|
| 008 | 210210b1985 xxu||||| |||| 00| 0 eng d | ||
| 020 | _a0 451 15748 6 | ||
| 082 | _a813.54 RANA | ||
| 100 | _aRAND (Ayn). | ||
| 245 | _aAtlas shrugged. | ||
| 260 |
_aN Y _bNew American Library _c1985 |
||
| 300 | _a1084,iv | ||
| 690 | _aAmerican English Fiction | ||
| 906 | _a042782 | ||
| 999 |
_c92624 _d92624 |
||